000 00441nam a2200157Ia 4500
003 Ost
005 20260507075659.0
008 260507s9999||||xx |||||||||||||| ||und||
040 _cfsecg
041 _aara
100 _aشريف، علي
_eمؤلف
245 0 _aالادارة المعاصرة /
_c علي شريف
260 _aالاسكندرية:
_bالدار الجامعية,
_c2003
300 _a418 صفحة؛
942 _cكتاب
999 _c45783
_d45783